| 000 | 00593nam a2200229Ia 4500 | ||
|---|---|---|---|
| 003 | OSt | ||
| 005 | 20221007075656.0 | ||
| 006 | a|||||r|||| 00| 0 | ||
| 007 | ta | ||
| 008 | 221006b |||||||| |||| 00| 0 eng d | ||
| 024 | _a1,273 | ||
| 037 | _cTextual | ||
| 040 |
_aFLL _cFLL _beng |
||
| 041 |
_2eng _aeng |
||
| 082 | _aX724:Z2qN84, M4 | ||
| 100 | _aJindal K.B. | ||
| 245 | 0 | _aIncome Tax Past and Present | |
| 250 | _a4th | ||
| 260 |
_aNew Delhi _bOrient Law House India _c1984 |
||
| 942 |
_hX724:Z2qN84, M4 _cTEXL _2CC |
||
| 999 |
_c1156973 _d1156973 |
||